Le déclin du monde antique: examen des causes de la décadence

Salvato in:
Dettagli Bibliografici
Autore principale: Altheim, Franz (Autore)
Natura: Libro
Lingua:francese
Pubblicazione: París Payot 1953
Serie:Bibliotheque Historique
Soggetti:
Tags: Aggiungi Tag
Nessun Tag, puoi essere il primo ad aggiungerne!!

MARC

LEADER 00000nam a2200000 a 4500
001 UCP8708
003 CL-VaPUC
008 000310e19530000FR |||||||||||||||||fre|d
082 0 4 |a 930  |b ALT  |2 21 
100 0 |a Altheim, Franz  |e author  |9 438858 
245 1 3 |a Le déclin du monde antique: examen des causes de la décadence 
300 |a 439 p 
942 |c BK 
945 |d 20000310 00:00:00  |a rherrera 
260 |a París  |b Payot  |c 1953 
650 0 |a Historia antigua  |9 267521 
650 0 |a Civilizaciones antiguas  |9 265998 
650 7 |a DECADENCIA  |2 CL-VaPUC  |9 400479 
650 0 |a Árabes  |9 316264 
650 0 |a Imperio Romano  |9 322785 
651 7 |a IRAN  |2 CL-VaPUC  |9 314095 
651 0 |a China   |9 257545 
651 0 |a Grecia  |9 265314 
583 |a last modification  |c 20000310 00:00:00  |k Rodrigo Vera 
490 0 |a Bibliotheque Historique 
999 |c 285599  |d 285597 
952 |0 0  |1 0  |4 0  |6 930_000000000000000_ALT_1953  |7 0  |8 A  |9 330323  |a BIBHIS  |b BIBHIS  |d 2019-11-20  |i 1393529  |o 930 ALT 1953  |p 1393529  |r 2023-01-25  |w 2019-11-20  |y BK  |k HIS 
952 |0 0  |1 0  |4 0  |6 930_000000000000000_ALT_1953  |7 0  |8 A  |9 330324  |a BIBHIS  |b BIBHIS  |d 2019-11-20  |i 1393537  |o 930 ALT 1953  |p 1393537  |r 2023-01-25  |w 2019-11-20  |y BK  |k HIS 
952 |0 0  |1 0  |4 0  |6 930_000000000000000_ALT_1953  |7 0  |8 A  |9 330325  |a BIBHIS  |b BIBHIS  |d 2019-11-20  |i 1393545  |o 930 ALT 1953  |p 1393545  |r 2019-11-20  |w 2019-11-20  |y BK  |k HIS